| 000 | 00365 a2200157 4500 | ||
|---|---|---|---|
| 001 | 73714 | ||
| 020 | _a858854322-2 | ||
| 040 | _cAnchieta - Colégio São Paulo | ||
| 100 | _aBarbeitos, Arlindo | ||
| 240 | 1 | 0 |
_aAngola, angolê, Angolema _lpor |
| 245 | 1 | 0 | _aAngola, angolê, Angolema |
| 300 | _a85 | ||
| 362 | 0 | _a2004 | |
| 650 | 4 | _aPoesia brasileira | |
| 942 | _cBK | ||
| 999 |
_c73714 _d73714 |
||